Brazilians in the Premier League - Picture Quiz - Statistics

General Stats
  • This quiz has been taken 76 times
  • The average score is 17 of 24
Answer Stats
Picture Answer % Correct
Alisson
99%
Ederson
99%
Richarlison
99%
Roberto Firmino
99%
Casemiro
97%
Thiago Silva
97%
Fernandinho
94%
David Luiz
93%
Gabriel Magalhaes
93%
Willian
91%
Raphinha
86%
Estêvão Willian
76%
Lucas Leiva
70%
Ramires
69%
Gilberto Silva
67%
Anderson
61%
Andreas Pereira
53%
Felipe Anderson
49%
Alex
44%
Fabio da Silva
43%
Rodrigo Muniz
40%
Juninho Paulista
36%
Diego Carlos
34%
Kléberson
17%
No matching quizzes found
Score Distribution
Percent of People with Each Score
Percentile by Number Answered
Your Score History
You have not taken this quiz